01206nam a2200265Ia 4500001000600000003000900006008004100015040001300056040001300069041001300082100001100095100002900106245006600135245006500201250001100266260001100277260001100288260004900299300005700348500037300405650004300778650003100821700003400852700005400886H2696IT-RoPAU130308s9999 xx 000 0 und d aIT-RoPAU cIT-RoPAU aITALIANO aAA.VV. gCodice Aut. SPICS: 12000 aSilenzio degli innocenti (Il). Adolescenti, media e violenza bSilenzio degli innocenti (Il). Adolescenti, Media e Violenza a1a ed. aTORINO bLindau c2003 [1° Ed.:2003 - Ed.Ling.Originale:2003] a"136 p. (prefazione: no ; testo: 136 [pagine: 0-0])" a"Ricerca del Centro Studi Cinematografici (Csc), che prende Come Soggetto dell'Indagine Lo spettatore Adolescente, Cercando di Porre in relazione Il suo Oggettivo e Quantitativamente Notevole consumo dei Media con la Violenzadel Loro Comportamento Individuale e Sociale. Introduzione e cura di M. Repetto e C. Tagliabue. in ""Media"" Non Stat Virtus? di C. Tagliabue." aPSICOLOGIA DELLA COMUNICAZIONE SOCIALE eCodice materia Spics: 3805 aRepetto MonicaTagliabue Carlo gCodice Aut. SPICS: 49276Codice Aut. SPICS: 882